Особенности использования системного проектирования для дизайн-проектирования детского реабилитационного оборудования; Молодежь и современные информационные технологии

Бібліографічні деталі
Parent link:Молодежь и современные информационные технологии.— 2020.— [С. 417-418]
Автор: Ким Е. И.
Співавтор: Национальный исследовательский Томский политехнический университет Инженерная школа информационных технологий и робототехники Отделение автоматизации и робототехники
Інші автори: Мамонтов Г. Я. Геннадий Яковлевич (научный руководитель), Хмелевский Ю. П. Юрий Петрович
Резюме:Заглавие с титульного экрана
Мова:Російська
Опубліковано: 2020
Серія:Компьютерная графика и дизайн
Предмети:
Онлайн доступ:http://earchive.tpu.ru/handle/11683/62146
Формат: Електронний ресурс Частина з книги
KOHA link:https://koha.lib.tpu.ru/cgi-bin/koha/opac-detail.pl?biblionumber=631248

MARC

LEADER 00000naa2a2200000 4500
001 631248
005 20231101133643.0
035 |a (RuTPU)RU\TPU\conf\32947 
035 |a RU\TPU\conf\32937 
090 |a 631248 
100 |a 20200703d2020 k y0rusy50 ca 
101 0 |a rus 
102 |a RU 
105 |a y z 101zy 
135 |a drcn ---uucaa 
181 0 |a i  
182 0 |a b 
200 1 |a Особенности использования системного проектирования для дизайн-проектирования детского реабилитационного оборудования  |f Е. И. Ким  |g науч. рук. Г. Я. Мамонтов, Ю. П. Хмелевский 
203 |a Текст  |c электронный 
225 1 |a Компьютерная графика и дизайн 
230 |a 1 компьютерный файл (pdf; 437 Кb) 
300 |a Заглавие с титульного экрана 
320 |a [Библиогр.: с. 418 (6 назв.)] 
463 0 |0 (RuTPU)RU\TPU\conf\32807  |t Молодежь и современные информационные технологии  |o сборник трудов XVII Международной научно-практической конференции студентов, аспирантов и молодых учёных, 17-20 февраля 2020 г., г. Томск  |f Национальный исследовательский Томский политехнический университет, Инженерная школа информационных технологий и робототехники ; под ред. Д. М. Сонькина [и др.]  |v [С. 417-418]  |d 2020 
610 1 |a электронный ресурс 
610 1 |a труды учёных ТПУ 
610 1 |a особенности 
610 1 |a системное проектирование 
610 1 |a дизайн-проектирование 
610 1 |a реабилитационное оборудование 
610 1 |a медицинское оборудование 
610 1 |a жизненный цикл 
610 1 |a медицинские данные 
700 1 |a Ким  |b Е. И. 
702 1 |a Мамонтов  |b Г. Я.  |c математик  |c профессор Томского политехнического университета, доктор физико-математических наук  |f 1945-  |g Геннадий Яковлевич  |2 stltpush  |4 727 
702 1 |a Хмелевский  |b Ю. П.  |c специалист в области инженерной графики и начертательной геометрии  |c ассистент кафедры Томского политехнического университета  |f 1969-  |g Юрий Петрович  |2 stltpush  |4 727 
712 0 2 |a Национальный исследовательский Томский политехнический университет  |b Инженерная школа информационных технологий и робототехники  |b Отделение автоматизации и робототехники  |h 7952  |2 stltpush  |3 (RuTPU)RU\TPU\col\23553 
801 2 |a RU  |b 63413507  |c 20200707  |g RCR 
856 4 |u http://earchive.tpu.ru/handle/11683/62146 
942 |c BK